| 000 | 00858nam a2200289 i 4500 | ||
|---|---|---|---|
| 003 | DO-SdBNP | ||
| 005 | 20230512135240.0 | ||
| 007 | ta | ||
| 008 | 230512b2006 dr ac||| |||| 00| 0 spa d | ||
| 020 | _a419 | ||
| 040 |
_aDO-SdBNP _bspa _cBNPHU _erda |
||
| 049 | _aBNPD | ||
| 082 | 4 | _222 | |
| 111 | _958443 | ||
| 245 | 1 | 0 | _aBrugal 1888 |
| 250 | _aEdición especial | ||
| 264 |
_aSanto Domingo : _bFundación Brugal _c2006. |
||
| 300 |
_a70 páginas : _bilustraciones y retratos ; _c31 cm. |
||
| 336 |
_2rdacontent _atexto _btxt |
||
| 337 |
_2rdamedia _asin mediación _bn |
||
| 338 |
_2rdacarrier _avolumen _bnc |
||
| 500 | _a15 años de reconocimiento a las instituciones de servicio social en la república Dominicana 1991-2006. | ||
| 586 | _aBrugal cree en su gente | ||
| 590 | _aInventariado, 2022/BT | ||
| 910 | _aBtavárez | ||
| 942 |
_2ddc _cLBS1 |
||
| 999 |
_c53502 _d53502 |
||